Estadísticas para Prueba de Azerbaiyán

Haz click aquí para tomar la prueba!

Estadísticas generales

  • Esta prueba ha sido tomada 881 veces
  • La puntuación promedio es 12 de 18

Estadísticas de respuestas

PistaRespuesta% Correcto
Países limítrofesArmenia
97%
Países limítrofesGeorgia
96%
Países limítrofesRusia
95%
País del que Azerbaiyán obtuvo su independencia en 1991Unión Soviética
94%
CapitalBakú
91%
Países limítrofesTurquía
89%
La capital toca este marMar Caspio
87%
Países limítrofesIrán
86%
A pesar de ser un país asiático, Azerbaiyán participa en este concurso de cancionesEurovisión
80%
La cordillera al norte del paísCáucaso
68%
A principios del siglo XX, Azerbaiyán producía más
del 50% del suministro mundial de...
Petróleo
61%
Rama del Islam practicada por el 89% de la poblaciónChiita
53%
Región que sufrió una guerra étnica entre 1988 y 1994, un conflicto que aún no se ha resuelto{Nagorno} Karabaj
52%
Jugador de ajedrez, nacido y educado en Azerbaiyán,
que fue el campeón del mundo de 1985 a 2000
Garri Kaspárov
44%
Palabra, que empieza por E, que describe una parte desconectada de un país
rodeada de territorio extranjero, como la "República Autónoma de Nakhchivan" de Armenia
Exclave
38%
El deporte que representa 22 de las 42 medallas olímpicas de AzerbaiyánLucha libre
38%
El animal nacional es una raza específica de ...Caballo
31%
Azerbaiyán tiene 400 de estos "volcanes", la mayoría de cualquier país
(nota: no son volcanes reales)
Volcán de {lodo}
20%

Distribución de puntuación

Porcentaje por número respondido

Porcentaje de gente con cada puntuación

Historial de tus puntuaciones

No has tomado esta prueba